| 000 | 00913cam a22002895a 4500 | ||
|---|---|---|---|
| 005 | 20181028120853.0 | ||
| 008 | 090202t1997 xxua|||fr|||| 001 0 eng d | ||
| 010 | _a96017948 | ||
| 020 | _a0673996840 | ||
| 020 | _a9780673996848 | ||
| 040 |
_beng _dEG-ScBUE |
||
| 082 | 0 | 4 |
_a351 _bSHA _222 |
| 100 | 1 |
_aShafritz, Jay M. _920263 |
|
| 245 | 1 | 0 |
_aIntroducing public administration / _cJay M. Shafritz, E.W. Russell. |
| 260 |
_aNew York : _bAddison Wesley Longman, _cc.1997. |
||
| 300 |
_axxii, 648 p. : _bill., photos ; _c25 cm. |
||
| 500 | _aGlossary : p. 622-632. | ||
| 500 | _aIndex : p. 637-648. | ||
| 504 | _aIncludes bibliographical references . | ||
| 590 | _adoaa mohamed | ||
| 650 | 0 |
_aPublic administration _vTextbooks. _920264 _2BUEsh |
|
| 651 | _2BUEsh | ||
| 653 |
_bBUSADM _cAugust2015 |
||
| 655 |
_vtext book _933728 |
||
| 700 | 1 |
_aRussell, E. W. _q(Edward W.) _920265 |
|
| 942 |
_cNB _k351 SHA _2ddc |
||
| 999 |
_c9583 _d9583 |
||